[Event "24th ch-EUR Indiv w 2024"]
[Site "Rhodes GRE"]
[Date "2024.04.28"]
[Round "9.66"]
[White "Mashchenko, Tamila"]
[Black "Rodriguez Redondo, Adhara"]
[Result "0-1"]
[BlackTitle "WFM"]
[WhiteElo "1970"]
[BlackElo "2152"]
[WhiteFideId "14154463"]
[BlackFideId "32065698"]
[EventDate "2024.04.19"]

1. c4 e6 2. Nc3 d5 3. d4 Bb4 4. cxd5 exd5 5. Nf3 Nf6 6. Bg5 h6 7. Bf4 O-O 8. e3
c5 9. Bd3 Nc6 10. dxc5 Bxc5 11. O-O Be6 12. Rc1 Nh5 13. Na4 Be7 14. Bg3 Nxg3 15.
hxg3 Bf6 16. Bb1 Qd6 17. Nc5 Qe7 18. Nxe6 Qxe6 19. Qb3 Na5 20. Qd3 g6 21. b3
Rad8 22. Rfd1 Qb6 23. Nd4 h5 24. Ne2 Nc6 25. Nf4 Ne5 26. Qe2 d4 27. exd4 Ng4 28.
d5 Bd4 29. Rf1 Rfe8 30. Qc2 Qf6 31. Rcd1 h4 32. Qd3 Bb6 33. Qf3 Ne5 34. Qc3 Rc8
35. Qd2 hxg3 36. Kh1 gxf2 37. Nh3 Ng4 38. d6 Rcd8 39. Qf4 Qxf4 40. Nxf4 Ne3 0-1

[Event "24th ch-EUR Indiv w 2024"]
[Site "Rhodes GRE"]
[Date "2024.04.28"]
[Round "9.67"]
[White "Polterauer, Chiara"]
[Black "Bluebaum, Johanna"]
[Result "1/2-1/2"]
[WhiteTitle "WFM"]
[WhiteElo "2141"]
[BlackElo "1977"]
[WhiteFideId "1638165"]
[BlackFideId "24647373"]
[EventDate "2024.04.19"]

1. e4 e6 2. d4 d5 3. Nd2 c5 4. Ngf3 cxd4 5. Nxd4 Nc6 6. Bb5 Bd7 7. Nxc6 bxc6 8.
Bd3 Bd6 9. Qe2 Ne7 10. e5 Bc7 11. O-O Ng6 12. f4 O-O 13. Qh5 Bb6+ 14. Kh1 f5 15.
exf6 Qxf6 16. Nf3 Be8 17. Ne5 Bd4 18. Bd2 Qh4 19. Bxg6 Qxh5 20. Bxh5 Bxh5 21.
Nxc6 Bxb2 22. Rae1 Bg4 23. Bb4 Rfe8 24. c3 a5 25. Nxa5 Rec8 26. Re3 d4 27. cxd4
Bxd4 28. Re4 Bf6 29. a3 Rc2 30. Ree1 Rac8 31. Nb3 Bf5 32. Rd1 Be4 33. Rd2 Bd5
34. Rxc2 Rxc2 35. Nd2 Be7 36. Bxe7 Rxd2 37. Rg1 Kf7 38. Bb4 Rc2 39. h3 Kf6 40.
Kh2 Kf5 41. Kg3 Rb2 42. Bd6 1/2-1/2

[Event "24th ch-EUR Indiv w 2024"]
[Site "Rhodes GRE"]
[Date "2024.04.28"]
[Round "9.68"]
[White "Gajcin, Jasmina"]
[Black "Koridze, Lile"]
[Result "0-1"]
[WhiteTitle "WCM"]
[BlackTitle "WFM"]
[WhiteElo "1908"]
[BlackElo "2121"]
[WhiteFideId "939030"]
[BlackFideId "13612514"]
[EventDate "2024.04.19"]

1. e4 c5 2. Nf3 d6 3. Bb5+ Nd7 4. a4 Nf6 5. Nc3 e6 6. d4 cxd4 7. Qxd4 a6 8. Be2
b6 9. O-O Bb7 10. Rd1 Qc7 11. h3 Be7 12. Nd2 O-O 13. Nc4 d5 14. exd5 Nxd5 15.
Nxd5 Bxd5 16. Bf4 Qb7 17. Bf3 Nf6 18. Bxd5 Nxd5 19. Be5 f6 20. Bg3 Bc5 21. Qe4
Rfe8 22. Nd6 Bxd6 23. Bxd6 Rad8 24. Bg3 f5 25. Qe5 Rc8 26. c3 Qf7 27. Rd4 Rf8
28. f3 Rc6 29. Rad1 b5 30. axb5 axb5 31. Qe2 Qb7 32. Be5 Ra8 33. Qd2 h6 34. g4
Qf7 35. gxf5 Qxf5 36. Rxd5 exd5 37. Qxd5+ Qe6 38. Qxe6+ Rxe6 39. Rd5 g5 40. Rxb5
Rae8 41. f4 gxf4 42. Bxf4 Rf8 43. Rb4 Re2 44. Kf1 Rh2 45. Kg1 Rxh3 46. Kg2 Rh5
47. Kg3 Rf6 48. Rc4 Rhf5 49. Bc7 h5 50. b4 Kf7 51. Kh4 Rg6 52. Bb8 Kg7 53. Rd4
Rf1 54. Be5+ Kh7 55. Bh2 Rg2 56. Kh3 Rc2 57. Be5 Rh1+ 58. Kg3 Rxc3+ 59. Kg2 Rcc1
60. b5 Rhe1 61. Bf4 Rc2+ 62. Kg3 Rb1 63. Rd5 Rg1+ 64. Kf3 Rf1+ 65. Kg3 Rc3+ 0-1

[Event "24th ch-EUR Indiv w 2024"]
[Site "Rhodes GRE"]
[Date "2024.04.28"]
[Round "9.69"]
[White "Hajiyeva, Laman"]
[Black "Dakic, Marta"]
[Result "1-0"]
[WhiteTitle "WFM"]
[WhiteElo "2114"]
[BlackElo "1957"]
[WhiteFideId "13415875"]
[BlackFideId "990043"]
[EventDate "2024.04.19"]

1. e4 e5 2. Nf3 Nc6 3. Bb5 a6 4. Ba4 Nf6 5. Nc3 Be7 6. d3 b5 7. Bb3 d6 8. a3 Bg4
9. Be3 O-O 10. Nd5 Nd4 11. Bxd4 exd4 12. h3 Bxf3 13. Qxf3 Nxd5 14. Bxd5 c6 15.
Bb3 Rc8 16. O-O c5 17. Bd5 Qb6 18. b3 Rce8 19. Kh1 Qc7 20. a4 b4 21. g4 a5 22.
Qg3 Kh8 23. f4 Bd8 24. Rg1 g5 25. Raf1 gxf4 26. Qxf4 Re5 27. Qh6 Kg8 28. g5 1-0

[Event "24th ch-EUR Indiv w 2024"]
[Site "Rhodes GRE"]
[Date "2024.04.28"]
[Round "9.70"]
[White "Stefan, Iulia-Cristiana"]
[Black "Harmsen, Jessica"]
[Result "1/2-1/2"]
[BlackTitle "WIM"]
[WhiteElo "1938"]
[BlackElo "2102"]
[WhiteFideId "1273876"]
[BlackFideId "1001612"]
[EventDate "2024.04.19"]

1. d4 f5 2. Nf3 Nf6 3. Bf4 e6 4. e3 b6 5. Be2 Bb7 6. h3 Bd6 7. O-O Bxf4 8. exf4
O-O 9. Re1 c5 10. c4 Qc7 11. g3 cxd4 12. Nxd4 Na6 13. Nc3 Nc5 14. Ncb5 Qb8 15.
Nf3 Nce4 16. Ne5 a6 17. Nd4 Qc7 18. Rc1 Rac8 19. Bf1 a5 1/2-1/2

[Event "24th ch-EUR Indiv w 2024"]
[Site "Rhodes GRE"]
[Date "2024.04.28"]
[Round "9.71"]
[White "Vasylchuk, Diana"]
[Black "Kakulidis, Ellen"]
[Result "1/2-1/2"]
[BlackTitle "WFM"]
[WhiteElo "1931"]
[BlackElo "2062"]
[WhiteFideId "34134611"]
[BlackFideId "1444972"]
[EventDate "2024.04.19"]

1. e4 e5 2. Nf3 Nc6 3. d4 exd4 4. Bc4 Nf6 5. O-O Nxe4 6. Re1 d5 7. Bxd5 Qxd5 8.
Nc3 Qd7 9. Nxe4 Be7 10. Bg5 O-O 11. Bxe7 Qxe7 12. Nxd4 Bd7 13. Nb3 Rad8 14. Nec5
Bc8 15. Rxe7 Rxd1+ 16. Rxd1 Nxe7 17. h3 Nc6 18. a3 b6 19. Nd3 Rd8 20. Rd2 Bf5
21. Ne1 Rxd2 22. Nxd2 Nd4 23. c3 Ne2+ 24. Kh2 Nf4 25. Ndf3 c5 26. Ne5 Be4 27.
Nc4 Bc6 28. Ne5 Bd5 29. N5d3 Ne6 30. Kg3 Nc7 31. Kf4 f6 32. Ke3 Kf7 33. g3 g5
34. Nf3 Bb7 35. h4 Nd5+ 36. Ke2 h6 37. hxg5 hxg5 38. Nd2 Ke6 39. f4 gxf4 40.
Nxf4+ Kf5 41. Nxd5 Bxd5 42. b4 cxb4 43. cxb4 Kg4 44. Kf2 f5 45. Nb1 f4 46. gxf4
Kxf4 47. Nc3 Bc4 48. a4 a6 49. a5 b5 50. Ke1 Ke3 51. Kd1 Bb3+ 52. Kc1 Kd3 53.
Kb2 Kc4 54. Ka3 Kxc3 1/2-1/2

[Event "24th ch-EUR Indiv w 2024"]
[Site "Rhodes GRE"]
[Date "2024.04.28"]
[Round "9.72"]
[White "Stojkovska, Monika"]
[Black "Golsta, Ramona"]
[Result "0-1"]
[WhiteTitle "WFM"]
[WhiteElo "2057"]
[BlackElo "1867"]
[WhiteFideId "15002594"]
[BlackFideId "11607394"]
[EventDate "2024.04.19"]

1. e4 c5 2. Nf3 Nc6 3. d4 cxd4 4. Nxd4 e5 5. Nb5 d6 6. N1c3 a6 7. Na3 b5 8. Nd5
Nf6 9. Bg5 Be7 10. Bxf6 Bxf6 11. c4 b4 12. Nc2 a5 13. g3 Bg5 14. h4 Bh6 15. Bh3
Be6 16. Bxe6 fxe6 17. Nde3 Bxe3 18. Nxe3 O-O 19. Nc2 a4 20. O-O b3 21. Na3 Nd4
22. Nb5 Nf3+ 23. Kg2 Nxh4+ 24. gxh4 Qxh4 25. f3 Rf6 26. Rf2 Raf8 27. Nxd6 Rg6+
28. Kf1 Qh3+ 29. Ke2 Rg2 30. Qd3 Rxf2+ 31. Kxf2 Qh2+ 32. Ke3 Qxb2 33. Rb1 Qxa2
34. c5 Qg2 35. Qf1 Qxf1 36. Rxf1 a3 37. c6 a2 38. Nc4 Rc8 39. Kd3 Rxc6 40. Nb2
Rc2 41. Na4 b2 42. Nxb2 Rxb2 43. Ra1 h5 0-1

[Event "24th ch-EUR Indiv w 2024"]
[Site "Rhodes GRE"]
[Date "2024.04.28"]
[Round "9.74"]
[White "Zvereva, Marija"]
[Black "Vardi, Shlomit"]
[Result "1/2-1/2"]
[WhiteTitle "WIM"]
[WhiteElo "2049"]
[BlackElo "1906"]
[WhiteFideId "4121082"]
[BlackFideId "2801442"]
[EventDate "2024.04.19"]

1. f4 e6 2. Nf3 c5 3. g3 Nc6 4. Bg2 g6 5. e4 Bg7 6. Nc3 d6 7. O-O Nge7 8. d3 Nd4
9. Ne2 O-O 10. c3 Nxf3+ 11. Bxf3 d5 12. Be3 b6 13. Qc2 Bb7 14. Bf2 Qc7 15. Bg2
Rac8 16. Kh1 dxe4 17. dxe4 f5 18. e5 Bxg2+ 19. Kxg2 Qc6+ 20. Kg1 Rfd8 21. c4 Rc7
22. Nc3 a6 23. Qe2 Bf8 24. Rad1 Rcd7 25. Rxd7 Rxd7 26. Rd1 Nc8 27. Rd3 Kf7 28.
h3 Ke8 29. g4 Rxd3 30. Qxd3 Qd7 31. Qxd7+ Kxd7 32. gxf5 gxf5 33. Kg2 Kc6 34. a4
Na7 35. Kf3 b5 36. axb5+ axb5 37. b3 b4 38. Ne2 Nc8 39. Bh4 Kd7 1/2-1/2

[Event "24th ch-EUR Indiv w 2024"]
[Site "Rhodes GRE"]
[Date "2024.04.28"]
[Round "9.75"]
[White "Chasouraki, Chrysi"]
[Black "Valkova, Angelika"]
[Result "1/2-1/2"]
[WhiteElo "1827"]
[BlackElo "2009"]
[WhiteFideId "25861123"]
[BlackFideId "14129272"]
[EventDate "2024.04.19"]

1. e4 e5 2. Nf3 Nc6 3. Bb5 a6 4. Ba4 Nf6 5. d3 d6 6. c3 g6 7. O-O Bg7 8. Re1 O-O
9. Nbd2 h6 10. Nf1 Re8 11. Ng3 b5 12. Bc2 Bb7 13. a4 Nb8 14. h3 Nbd7 15. Be3 c5
16. Qd2 Kh7 17. b4 cxb4 18. cxb4 d5 19. Qe2 Qe7 20. Bd2 Rec8 21. Bb3 bxa4 22.
Bxa4 Nb6 23. Bb3 d4 24. Ra5 Ne8 25. h4 Nd6 26. Rc5 Nd7 27. Rcc1 Nb5 28. Bc4 Nb6
29. h5 Na4 30. Qd1 Nbc3 31. Qb3 Rc7 32. Ra1 Qe8 33. hxg6+ fxg6 34. Bxc3 Nxc3 35.
Ra5 Nb5 36. Rea1 Rac8 37. Qa4 Qe7 38. Nd2 Bf8 39. Bxb5 axb5 40. Qxb5 Qxb4 41.
Nc4 Qxb5 42. Rxb5 Bg7 43. Nxe5 Rc1+ 44. Rxc1 Rxc1+ 45. Kh2 Ba6 46. Rb6 Bxe5 47.
Rxa6 Rc3 48. Re6 Bf4 49. Rf6 g5 50. Kh3 Rxd3 51. Kg4 Bxg3 52. fxg3 Rd1 53. Rd6
d3 54. Kf5 d2 55. Ke6 Re1 56. Rxd2 Rxe4+ 57. Kf5 Re7 58. Kf6 Ra7 59. Re2 Ra6+
60. Kf5 Ra5+ 61. Kf6 Ra6+ 62. Kf5 Ra3 63. Re7+ Kg8 64. Kg6 Kf8 65. Rf7+ Kg8 66.
Rb7 Ra6+ 1/2-1/2

[Event "24th ch-EUR Indiv w 2024"]
[Site "Rhodes GRE"]
[Date "2024.04.28"]
[Round "9.76"]
[White "Alexandri, Dimitra"]
[Black "Dereka, Konstantina"]
[Result "1-0"]
[WhiteElo "1979"]
[BlackElo "1821"]
[WhiteFideId "42107989"]
[BlackFideId "25837435"]
[EventDate "2024.04.19"]

1. e4 e6 2. d4 d5 3. Nc3 dxe4 4. Nxe4 Nf6 5. Nxf6+ Qxf6 6. Nf3 Qd8 7. Be3 Be7 8.
Bd3 Nd7 9. O-O O-O 10. c3 Nf6 11. Ne5 Nd5 12. Bc1 c5 13. Bc2 cxd4 14. Qxd4 Nf6
15. Qh4 g6 16. Bg5 Nd5 17. Nf3 f6 18. Bh6 Rf7 19. Bd2 Qb6 20. Bb3 a5 21. Bxd5
exd5 22. Qd4 Qxb2 23. Qxd5 Bg4 24. Rab1 Bxf3 25. Qxf7+ Kxf7 26. Rxb2 Bc6 27. c4
Rd8 28. Bxa5 1-0

[Event "24th ch-EUR Indiv w 2024"]
[Site "Rhodes GRE"]
[Date "2024.04.28"]
[Round "9.77"]
[White "Kalayci, Nino"]
[Black "Androni, Konstantina"]
[Result "1/2-1/2"]
[WhiteTitle "WCM"]
[WhiteElo "1755"]
[BlackElo "1977"]
[WhiteFideId "13603221"]
[BlackFideId "4215362"]
[EventDate "2024.04.19"]

1. Nf3 d5 2. b3 Nf6 3. Bb2 Bf5 4. e3 e6 5. d4 c5 6. Bd3 Bxd3 7. Qxd3 Nc6 8. a3
Rc8 9. O-O cxd4 10. exd4 Bd6 11. Nbd2 O-O 12. c4 Ne7 13. Rfe1 Ng6 14. g3 Bb8 15.
Qe2 dxc4 16. bxc4 Qa5 17. Rad1 b5 18. Nb3 Qa4 19. Nc5 Qxc4 20. Qxc4 bxc4 21. Rc1
h5 22. Rxc4 h4 23. Rec1 hxg3 24. hxg3 Bd6 25. Kg2 Ne7 26. a4 Ned5 27. a5 Rb8 28.
Ba3 Rb5 29. Ra4 Rfb8 30. Nd2 Bc7 31. Na6 R8b7 32. Nc5 Rb8 33. Na6 Rc8 34. Bd6
Ne8 35. Bxc7 Ndxc7 36. Rac4 Rb7 37. Ne4 Kf8 38. Nec5 Rb2 39. Ne4 Rb7 40. Nec5
Rb2 41. Nxc7 Rxc7 42. Nxe6+ fxe6 43. Rxc7 Nxc7 44. Rxc7 Rb4 45. Rxa7 Rxd4 46. a6
Ra4 47. f4 Kg8 48. Ra8+ Kf7 49. a7 Ra3 50. Kf2 Ra2+ 51. Ke3 Ra3+ 52. Kd4 Ra4+
53. Kc5 Ra1 54. Kb6 Rb1+ 55. Kc5 Rc1+ 56. Kb6 Rb1+ 57. Kc5 Rc1+ 1/2-1/2

[Event "24th ch-EUR Indiv w 2024"]
[Site "Rhodes GRE"]
[Date "2024.04.28"]
[Round "9.78"]
[White "Papp, Sarah"]
[Black "Korinioti, Myrto"]
[Result "1-0"]
[WhiteTitle "WGM"]
[WhiteElo "2296"]
[BlackElo "1457"]
[WhiteFideId "24606812"]
[BlackFideId "42153743"]
[EventDate "2024.04.19"]

1. d4 Nf6 2. g3 g6 3. Bg2 Bg7 4. e4 d6 5. c3 O-O 6. Ne2 Nbd7 7. f4 e5 8. O-O Re8
9. Qc2 Qe7 10. Nd2 Nb6 11. h3 Kh8 12. a4 a5 13. b3 Ng8 14. dxe5 dxe5 15. Ba3 Qe6
16. f5 Qc6 17. Rad1 Nf6 18. c4 Bh6 19. fxg6 Be3+ 20. Kh1 fxg6 21. Nf3 Bc5 22.
Bb2 Bd6 23. Nfd4 exd4 24. Rxf6 Qd7 25. Bxd4 Kg8 26. Bxb6 cxb6 27. Rdxd6 Qc7 28.
Nf4 Bd7 29. Nd5 Qd8 30. e5 Rxe5 31. Rxg6+ hxg6 32. Qxg6+ 1-0

[Event "24th ch-EUR Indiv w 2024"]
[Site "Rhodes GRE"]
[Date "2024.04.28"]
[Round "9.79"]
[White "Peglau, Dora"]
[Black "Alexandri, Vasiliki"]
[Result "1-0"]
[WhiteElo "2002"]
[BlackElo "1859"]
[WhiteFideId "16220005"]
[BlackFideId "42103606"]
[EventDate "2024.04.19"]

1. d4 Nf6 2. c4 g6 3. Nc3 Bg7 4. e4 d6 5. Nf3 O-O 6. Be2 e5 7. Be3 Ng4 8. Bg5 f6
9. Bh4 Nd7 10. O-O h5 11. h3 Nh6 12. d5 g5 13. Bg3 h4 14. Bh2 Rf7 15. b4 Bf8 16.
Nd2 Rg7 17. a3 Be7 18. Nb3 Nf8 19. Qd2 Kh7 20. f3 Ng6 21. c5 Nf4 22. Rfc1 Qg8
23. Nb5 Bxh3 24. gxh3 Nxh3+ 25. Kf1 g4 26. fxg4 Nxg4 27. Bxg4 Rxg4 28. cxd6 cxd6
29. Rc7 Qg7 30. Qe3 Nf4 31. Nxd6 Ng2 32. Qf3 Rg8 33. Nf5 Qg5 34. Rxe7+ Kh8 35.
Nd6 Ne3+ 36. Ke2 Rg2+ 37. Kd3 Qg6 38. Nf7+ Kh7 39. Nxe5+ Rg7 1-0

[Event "24th ch-EUR Indiv w 2024"]
[Site "Rhodes GRE"]
[Date "2024.04.28"]
[Round "9.80"]
[White "Mihailidou, Magdalini"]
[Black "Silva, Ana Ines Teixeira Da"]
[Result "1/2-1/2"]
[BlackTitle "WFM"]
[WhiteElo "1915"]
[BlackElo "1933"]
[WhiteFideId "25801236"]
[BlackFideId "1932543"]
[EventDate "2024.04.19"]

1. e4 e5 2. d4 exd4 3. Qxd4 Nc6 4. Qe3 Nf6 5. Nc3 Bb4 6. Bd2 O-O 7. O-O-O Re8 8.
Bc4 d6 9. f3 Ne5 10. Bb3 a5 11. a3 Bc5 12. Qe1 b5 13. Nxb5 Rb8 14. a4 c6 15.
Bxa5 Qe7 16. Nd4 Bxd4 17. Rxd4 c5 18. Rd1 c4 19. Ba2 Qb7 20. Bc3 Qa6 21. a5 d5
22. Bxe5 Rxe5 23. Qc3 Qe6 24. Ne2 Bb7 25. Nf4 Qe8 26. Nxd5 Bxd5 27. exd5 Nxd5
28. Qd4 Nb4 29. Bxc4 Rxa5 30. Rhe1 Ra1+ 31. Kd2 Rxd1+ 32. Rxd1 Rd8 33. Kc3 Rxd4
34. Rxd4 Nc6 35. Re4 Qd8 36. b4 g6 37. b5 Qa5+ 38. Kb3 Qb4+ 39. Ka2 Qa4+ 40. Kb2
Nb4 41. Bb3 Qxb5 42. Re7 Nc6 43. Rxf7 Qxb3+ 44. cxb3 Kxf7 45. Kc3 Ke6 46. Kc4
Kd6 47. b4 Ne7 48. Kd4 Nc6+ 49. Kc4 g5 50. b5 Nb8 51. Kd4 Nd7 52. f4 g4 53. f5
h5 54. Ke4 Ke7 55. Kd5 Nb6+ 56. Kc6 Nc8 57. Kd5 Kf6 58. Kc4 Kxf5 59. Kb4 Nb6 60.
Kc5 Nc8 61. Kd4 Kf4 62. Kd3 h4 63. Ke2 Nb6 64. Kf2 Nd5 65. Kg1 Ke3 66. Kf1 Nb6
67. Ke1 Nd5 68. Kf1 Kd4 69. Kf2 Kc4 70. h3 g3+ 71. Kf3 Kxb5 72. Kg4 Ne3+ 73.
Kxh4 Nf1 74. Kg5 Ne3 75. h4 Nxg2 76. Kg4 Nxh4 77. Kxg3 1/2-1/2

[Event "24th ch-EUR Indiv w 2024"]
[Site "Rhodes GRE"]
[Date "2024.04.28"]
[Round "9.81"]
[White "Saraci, Ndriqona"]
[Black "Tuktamisova, Diana"]
[Result "0-1"]
[WhiteTitle "WCM"]
[WhiteElo "1660"]
[BlackElo "1864"]
[WhiteFideId "969095"]
[BlackFideId "13909932"]
[EventDate "2024.04.19"]

1. e4 c5 2. Nf3 d6 3. d4 cxd4 4. Nxd4 Nf6 5. Nc3 a6 6. Be3 e5 7. Nb3 Be6 8. f3
d5 9. exd5 Nxd5 10. Nxd5 Bxd5 11. Be2 Bb4+ 12. c3 Be7 13. O-O O-O 14. c4 Be6 15.
Qxd8 Rxd8 16. Rad1 Nc6 17. Nc5 Nd4 18. Bxd4 exd4 19. Nxe6 fxe6 20. Bd3 Bf6 21.
Rde1 e5 22. b3 b5 23. f4 exf4 24. Rxf4 b4 25. h4 a5 26. Rfe4 a4 27. c5 axb3 28.
Bc4+ Kf8 29. Bxb3 Rac8 30. Rc1 d3 31. Rxb4 d2 32. Rf1 Rxc5 33. Rb7 Rc1 34. Bd1
Re8 35. Rd7 Rxd1 36. Rxd1 Re1+ 37. Kf2 Rxd1 38. Ke2 Rg1 39. Kxd2 Rxg2+ 40. Ke3
Rxa2 41. h5 Ra5 42. Kf4 Rxh5 43. Kg4 Rg5+ 44. Kf4 h5 45. Rd3 h4 46. Rh3 Rg1 47.
Kf3 g5 48. Kf2 Bd4+ 49. Ke2 Kg7 50. Rd3 Be5 51. Kf2 Ra1 52. Kg2 g4 53. Rd2 Kg6
54. Rf2 h3# 0-1

[Event "24th ch-EUR Indiv w 2024"]
[Site "Rhodes GRE"]
[Date "2024.04.28"]
[Round "9.84"]
[White "Lamprianou, Marianna"]
[Black "Kaka, Rengina Tsampika"]
[Result "1/2-1/2"]
[WhiteElo "1462"]
[BlackElo "1480"]
[WhiteFideId "42153697"]
[BlackFideId "42153794"]
[EventDate "2024.04.19"]

1. e4 d5 2. exd5 Qxd5 3. Nc3 Qa5 4. Nf3 Bf5 5. Bc4 e6 6. O-O Nf6 7. d3 Nbd7 8.
Bf4 Bb4 9. Nb5 Rc8 10. c3 Be7 11. b4 Qb6 12. Be3 c5 13. a4 a6 14. a5 Qd8 15. Na3
cxb4 16. cxb4 Bxb4 17. Qb3 Bxa5 18. Qxb7 Nc5 19. Bxc5 Rxc5 20. Qxa6 O-O 21. Rab1 1/2-1/2

[Event "24th ch-EUR Indiv w 2024"]
[Site "Rhodes GRE"]
[Date "2024.04.28"]
[Round "9.86"]
[White "Siskou, Evangelia"]
[Black "Torres Torres, Victoria"]
[Result "1-0"]
[WhiteElo "1837"]
[BlackElo "1468"]
[WhiteFideId "42113938"]
[BlackFideId "22210679"]
[EventDate "2024.04.19"]

1. e4 e5 2. Nf3 Nc6 3. d4 exd4 4. Nxd4 Nf6 5. Nc3 Bb4 6. Nxc6 bxc6 7. Bd3 O-O 8.
O-O d5 9. exd5 cxd5 10. h3 c6 11. Qf3 Ba5 12. Ne2 Bb7 13. Bg5 Qd6 14. Bf4 Qd7
15. Nd4 Qc8 16. Nf5 Bd8 17. Qg3 g6 18. Nh6+ Kh8 19. Bd6 Nh5 20. Qe3 Bb6 21. Qf3
Kg7 22. Nf5+ Kh8 23. Bxf8 Qxf8 24. Ng3 Nxg3 25. Qxg3 Bc5 26. Rae1 Bd6 27. Qh4
Be7 28. Rxe7 1-0

[Event "24th ch-EUR Indiv w 2024"]
[Site "Rhodes GRE"]
[Date "2024.04.28"]
[Round "9.87"]
[White "Sanchez Ruiz, Piedad Esmeralda"]
[Black "Popadyuk, Olga"]
[Result "1-0"]
[WhiteElo "1806"]
[BlackElo "1633"]
[WhiteFideId "2286912"]
[BlackFideId "14176246"]
[EventDate "2024.04.19"]

1. e4 c5 2. Nf3 d6 3. d4 cxd4 4. Nxd4 Nf6 5. Nc3 Nc6 6. Be2 g6 7. Be3 Bg7 8. O-O
O-O 9. f3 Bd7 10. Qd2 Re8 11. Rad1 a6 12. Nd5 Nxd5 13. exd5 Ne5 14. c4 Rc8 15.
b3 Rb8 16. h3 Bc8 17. f4 Nd7 18. f5 Nf6 19. fxg6 hxg6 20. Bh6 Ne4 21. Qf4 f5 22.
Bxg7 Kxg7 23. Bd3 e5 24. dxe6 Bxe6 25. Bxe4 g5 26. Nxe6+ Rxe6 27. Qxf5 Rh6 28.
Rd5 Qe7 29. Qxg5+ Qxg5 30. Rxg5+ Kh8 31. Rg6 Rh4 32. Bd5 b5 33. Rxd6 bxc4 34.
Bxc4 a5 35. Ra6 Rh5 36. Rd1 Re8 37. Ra7 Rhe5 38. Rdd7 Rh5 39. Rd5 Rxd5 40. Bxd5
Rd8 41. Bc4 Rd1+ 42. Kh2 1-0

[Event "24th ch-EUR Indiv w 2024"]
[Site "Rhodes GRE"]
[Date "2024.04.29"]
[Round "10.1"]
[White "Batsiashvili, Nino"]
[Black "Fataliyeva, Ulviyya"]
[Result "1/2-1/2"]
[WhiteTitle "GM"]
[BlackTitle "IM"]
[WhiteElo "2445"]
[BlackElo "2377"]
[WhiteFideId "13602993"]
[BlackFideId "13403052"]
[EventDate "2024.04.19"]

1. e4 e5 2. Nf3 Nc6 3. Bc4 Nf6 4. d3 Bc5 5. O-O d6 6. c3 O-O 7. Re1 a5 8. h3 Ba7
9. Na3 Ne7 10. d4 Ng6 11. dxe5 Nxe5 12. Nxe5 dxe5 13. Qxd8 Rxd8 14. Bg5 Bc5 15.
Rad1 Bd7 16. Bxf6 gxf6 17. Nb5 c6 18. Nd6 Bxd6 19. Rxd6 Be6 20. Rxd8+ Rxd8 21.
Bxe6 fxe6 22. Kf1 Rd2 23. Re2 1/2-1/2

[Event "24th ch-EUR Indiv w 2024"]
[Site "Rhodes GRE"]
[Date "2024.04.29"]
[Round "10.2"]
[White "Buksa, Nataliya"]
[Black "Mammadzada, Gunay"]
[Result "1/2-1/2"]
[WhiteTitle "IM"]
[BlackTitle "IM"]
[WhiteElo "2394"]
[BlackElo "2436"]
[WhiteFideId "14123622"]
[BlackFideId "13403729"]
[EventDate "2024.04.19"]

1. e4 c5 2. Nf3 d6 3. d4 cxd4 4. Nxd4 Nf6 5. Nc3 a6 6. Be3 e5 7. Nf3 Be7 8. Bc4
O-O 9. O-O Be6 10. Bb3 b5 11. Nd5 Nxd5 12. Bxd5 Bxd5 13. Qxd5 Nd7 14. Qd3 Qc7
15. a4 Qc6 16. c3 h6 17. Rfe1 Nf6 18. Bc1 Rfe8 19. Nh4 Bf8 20. Nf5 bxa4 21. Qc2
a3 22. Rxa3 d5 23. exd5 Nxd5 24. Ra5 Nf4 25. Bxf4 exf4 26. Rae5 Rxe5 27. Rxe5
Rd8 28. Qe2 Qa4 29. g3 g6 30. Nd4 Bg7 31. Re4 Bxd4 32. cxd4 Rxd4 33. Rxd4 Qxd4
34. Qxa6 fxg3 35. hxg3 Qxb2 36. Qa8+ Kg7 37. Qe4 h5 38. Kg2 Qf6 39. Kg1 g5 40.
Kg2 Kh6 41. Qd5 g4 42. Qd2+ Kg6 43. Qd3+ Qf5 44. Qd6+ Qe6 45. Qf4 Qd5+ 46. Kg1
f6 47. Qb8 Qe4 48. Qg8+ Kh6 49. Qh8+ Kg5 50. Qg8+ Qg6 51. Qd5+ Kh6 52. Kg2 Qe8
53. Kg1 Kg7 54. Kg2 Qe5 55. Qd7+ Kg6 56. Qc8 f5 57. Qg8+ Qg7 58. Qe8+ Qf7 59.
Qe5 Qf6 60. Qe8+ Kh6 61. Qe3+ Kg7 62. Qf4 Kg6 63. Qb8 f4 64. gxf4 h4 65. Qc8
Qxf4 66. Qg8+ Kh5 67. Qh7+ Kg5 68. Qg7+ Kh5 69. Qh7+ 1/2-1/2

[Event "24th ch-EUR Indiv w 2024"]
[Site "Rhodes GRE"]
[Date "2024.04.29"]
[Round "10.3"]
[White "Bulmaga, Irina"]
[Black "Tsolakidou, Stavroula"]
[Result "1/2-1/2"]
[WhiteTitle "IM"]
[BlackTitle "IM"]
[WhiteElo "2394"]
[BlackElo "2424"]
[WhiteFideId "13903063"]
[BlackFideId "4264312"]
[EventDate "2024.04.19"]

1. e4 c5 2. Nf3 d6 3. d4 cxd4 4. Nxd4 Nf6 5. Nc3 a6 6. Be3 e5 7. Nf3 Be7 8. Nd2
b5 9. a4 b4 10. Nd5 Nxd5 11. exd5 Nd7 12. a5 O-O 13. Nc4 f5 14. Qd2 Rb8 15. Ba7
Bg5 16. Qd1 Rb7 17. Bb6 Nxb6 18. axb6 Bd7 19. Nxd6 Rxb6 20. Nc4 Rh6 21. d6 Rh4
22. Qd5+ Kh8 23. Be2 Rd4 24. Qc5 Bb5 25. O-O Bxc4 26. Bxc4 Qxd6 27. Qxd6 Rxd6
28. Rxa6 Rd2 29. Bb3 e4 30. Ra5 g6 31. Rd5 Rxd5 32. Bxd5 Rc8 33. Bb3 Rd8 34. Re1
Bf6 35. Kf1 Bxb2 36. Ke2 f4 37. f3 e3 38. Rd1 Bd4 39. g3 g5 40. gxf4 gxf4 41.
Rg1 Bc3 42. Rd1 Rf8 43. Rg1 h6 44. Rg4 Rf5 45. Bc4 Rf6 1/2-1/2

[Event "24th ch-EUR Indiv w 2024"]
[Site "Rhodes GRE"]
[Date "2024.04.29"]
[Round "10.4"]
[White "Wagner, Dinara"]
[Black "Zimina, Olga"]
[Result "1/2-1/2"]
[WhiteTitle "IM"]
[BlackTitle "IM"]
[WhiteElo "2453"]
[BlackElo "2299"]
[WhiteFideId "24157570"]
[BlackFideId "4132190"]
[EventDate "2024.04.19"]

1. d4 Nf6 2. c4 g6 3. Nc3 Bg7 4. e4 d6 5. Be2 O-O 6. Be3 e5 7. d5 c6 8. g4 cxd5
9. cxd5 Qa5 10. f3 Nbd7 11. a3 a6 12. Nh3 Kh8 13. Nf2 Ng8 14. h4 Ne7 15. h5 Kg8
16. hxg6 fxg6 17. Qd2 b5 18. Nh3 Nf6 19. Ng5 Bd7 20. Ne6 Bxe6 21. dxe6 Rad8 22.
b4 Qc7 23. Nd5 Qb7 24. Rd1 Rfe8 25. Bg5 Nexd5 26. exd5 Rc8 27. O-O Rc7 28. Bxf6
Bxf6 29. f4 Rec8 30. g5 Qb6+ 31. Kh1 Rc2 32. Qe1 Be7 33. Bd3 R2c3 34. f5 gxf5
35. Rxf5 Qd4 36. Rf3 Qg4 37. Qe2 Qh4+ 38. Kg2 Qg4+ 39. Kf1 Rc1 40. Bxh7+ Kh8 41.
Bf5 Rxd1+ 42. Qxd1 Qxg5 43. Rh3+ Kg8 44. Qg4 Rf8 45. Qxg5+ Bxg5 46. Rf3 e4 47.
Rf2 Bh4 48. Rf4 Bg5 49. Rf2 Bh4 50. e7 Bxe7 51. Ke2 Bg5 52. Be6+ Kg7 53. Rxf8
Kxf8 54. Bc8 Bc1 55. Bxa6 Bxa3 56. Bxb5 Bxb4 57. Ke3 1/2-1/2